000 00474nam a2200181Ia 4500
008 230711s9999||||xx |||||||||||||| ||und||
020 _a978-93-392-2077-8
041 _aENG
082 _a615.1
_bKA-B
100 _aKatzung, Bertram G
245 0 _aBasic and Clinical Pharmacology
250 _a13th Ed.
260 _c2015
_aNew Delhi
_bMcGraw Hill Education(India) Private Limited
300 _a1203p.
650 _aPharmacy
700 _aTrevor,Anthony J
942 _cBK
999 _c7285
_d7285